000 00566nam a2200229Ia 4500
003 OSt
005 20220924141957.0
006 a|||||r|||| 00| 0
007 ta
008 220923b |||||||| |||| 00| 0 ben d
024 _a299972
037 _cTextual
040 _aARTS
_cARTS
_bben
041 _2ben
_aben
082 _aP498.38, M1,1;1
100 _aChakraborty Ashit
245 0 _aBoro primer
260 _c1981
650 _aBENGALI LITERATURE
942 _hP498.38, M1,1;1
_cTEXL
_2CC
999 _c448874
_d448874